Statistics for Movies that Start with J

Click here to take the quiz!

General Stats

  • This quiz has been taken 43,842 times
    (11,981 since last reset)
  • The average score is 11 of 18

Answer Stats

DescriptionMovie% Correct
Giant shark eats skinny dippers and people in small boats off the coast of New EnglandJaws
99%
Nothing could possibly go wrong in a theme park that brings dinosaurs back to lifeJurassic Park
99%
Children play a board game that turns their house into a tropical jungleJumanji
96%
Boy is raised by animals in a tropical rainforest but must go to a
human village to avoid a man-eating tiger
Jungle Book, the
89%
Boy has adventures inside a humongous piece of fruitJames and
the Giant Peach
76%
The assassination of America's 35th President was actually an elaborate conspiracyJFK
70%
Batman, Superman, and Wonder Woman team up to defeat a supervillainJustice League
69%
Teenage girl gets pregnant after shenanigans with her cross-country runner boyfriendJuno
69%
Sports agent gains a conscience and loses all his clients except for oneJerry Maguire
52%
Former assassin kills dozens of Russian mobsters after one of them kills his dogJohn Wick
46%
Muscular man and rival compete to buy a sold out Christmas toyJingle All the Way
44%
Woman tries to cook all the recipes in a French cookbook over the course of a yearJulie and Julia
44%
Terminally ill man volunteers to sacrifice himself to appease an angry volcanoJoe Versus the
Volcano
40%
Hilarity ensues as a musclebound man becomes pregnantJunior
39%
Man with a great voice and a gyrating pelvis launches his musical career with
the help of his prison cellmate
Jailhouse Rock
38%
Man with teleportation abilities is pursued by a secret society of people who try
to kill people like him
Jumper
36%
Four female Chinese emigrants play mahjong and talk about their daughtersJoy Luck Club, the
26%
White man is born into a family of black sharecroppers and has spastic dance movesJerk, the
22%

Score Distribution

Percentile by Number Answered

Percent of People with Each Score

Your Score History

You have not taken this quiz since the last reset